Geometry Dash Levels - Statistics

General Stats
  • This quiz has been taken 25 times
  • The average score is 25 of 37
Answer Stats
Game Level % Correct
Back On Track
100%
Geometry Dash Stereo Madness
100%
Can't Let Go
95%
Dry Out
95%
Jumper
95%
Theory of Everything
95%
Base After Base
90%
xStep
90%
Clutterfunk
85%
Polargeist
85%
Theory of Everything 2
85%
Time Machine
85%
Cycles
80%
Fingerdash
80%
Clubstep
75%
Electroman Adventures
75%
Hexagon Force
75%
Blast Processing
70%
Deadlocked
70%
Electrodynamix
65%
Geometrical Dominator
65%
Geometry Dash Subzero Press Start
65%
Nock Em
60%
Power Trip
55%
Viking Arena
55%
Frontlines
50%
Machina
50%
Geometry Dash World Payload
50%
Geometry Dash Meltdown The Seven Seas
50%
Beast Mode
45%
Airborne Robots
40%
Embers
40%
Round 1
40%
Monster Dance Off
35%
Space Pirates
35%
Striker
35%
Years
35%
No matching quizzes found
Score Distribution
Percent of People with Each Score
Percentile by Number Answered
Your Score History
You have not taken this quiz